Hubs to their Airlines Quiz - Statistics

General Stats
  • This quiz has been taken 136 times
  • The average score is 8 of 10
Answer Stats
Airline Answer % Correct
Lufthansa Frankfurt
95%
Air China Beijing
92%
Delta Air Lines Atlanta
91%
Emirates Dubai
91%
United Airlines Chicago
90%
Southwest Airlines Dallas
90%
China Eastern Airlines Shanghai
86%
Ryanair Dublin
85%
China Southern Guangzhou
76%
American Airlines Fort Worth
23%
No matching quizzes found
Score Distribution
Percent of People with Each Score
Percentile by Number Answered
Your Score History
You have not taken this quiz